| 000 | 01447nam a2200373Ia 4500 | ||
|---|---|---|---|
| 001 | ebr10135425 | ||
| 003 | CaPaEBR | ||
| 006 | m u | ||
| 007 | cr cn||||||||| | ||
| 008 | 050110s2005 nyua sb 001 0 eng d | ||
| 010 | _z 2005040460 | ||
| 015 |
_aGBA546599 _2bnb |
||
| 020 | _z1403976929 | ||
| 020 | _z1403968314 | ||
| 040 |
_aCaPaEBR _cCaPaEBR |
||
| 035 | _a(OCoLC)560461321 | ||
| 050 | 1 | 4 |
_aQ127.J3 _bL69 2005eb |
| 082 | 0 | 4 |
_a338.952/06 _222 |
| 100 | 1 | _aLow, Morris. | |
| 245 | 1 | 0 |
_aScience and the building of a new Japan _h[electronic resource] / _cMorris Low. |
| 250 | _a1st ed. | ||
| 260 |
_aNew York : _bPalgrave Macmillan, _c2005. |
||
| 300 |
_axiv, 259 p. : _bill. |
||
| 490 | 1 | _aStudies of the Weatherhead East Asian Institute, Columbia University | |
| 504 | _aIncludes bibliographical references (p. [201]-251) and index. | ||
| 533 |
_aElectronic reproduction. _bPalo Alto, Calif. : _cebrary, _d2009. _nAvailable via World Wide Web. _nAccess may be limited to ebrary affiliated libraries. |
||
| 650 | 0 |
_aScience and state _zJapan _xHistory. |
|
| 650 | 0 |
_aResearch, Industrial _zJapan. |
|
| 650 | 0 |
_aPhysicists _zJapan. |
|
| 655 | 7 |
_aElectronic books. _2local |
|
| 710 | 2 | _aebrary, Inc. | |
| 830 | 0 | _aStudies of the Weatherhead East Asian Institute, Columbia University. | |
| 856 | 4 | 0 |
_uhttp://site.ebrary.com/lib/rucke/Doc?id=10135425 _zAn electronic book accessible through the World Wide Web; click to view |
| 999 |
_c85074 _d85074 |
||